THE COLUMBIA ENCYCLOPEDIA IN ONE VOLUME (Record no. 37834)

MARC details
000 -LEADER
fixed length control field 00506nam a2200181Ia 4500
008 - FIXED-LENGTH DATA ELEMENTS--GENERAL INFORMATION
fixed length control field 090122s9999 xx 000 0 und d
082 ## - DEWEY DECIMAL CLASSIFICATION NUMBER
Item number 13757
Classification number 423
100 ## - MAIN ENTRY--PERSONAL NAME
Personal name ANSLEY
Numeration CLARK
Titles and other words associated with a name F\
245 ## - TITLE STATEMENT
Title THE COLUMBIA ENCYCLOPEDIA IN ONE VOLUME
260 ## - PUBLICATION, DISTRIBUTION, ETC. (IMPRINT)
Name of publisher, distributor, etc COLUMBIA UNIVERSITY PRESS YORK
Date of publication, distribution, etc 1942
300 ## - PHYSICAL DESCRIPTION
Extent 1949/48
501 ## - WITH NOTE
With note DONATION
600 ## - SUBJECT ADDED ENTRY--PERSONAL NAME
Personal name ANSLEY
630 ## - SUBJECT ADDED ENTRY--UNIFORM TITLE
Uniform title THE COLUMBIA ENCYCLOPEDIA IN ONE VOLUME
700 ## - ADDED ENTRY--PERSONAL NAME
Personal name ANSLEY
730 ## - ADDED ENTRY--UNIFORM TITLE
Uniform title THE COLUMBIA ENCYCLOPEDIA IN ONE VOLUME
942 ## - ADDED ENTRY ELEMENTS (KOHA)
Koha item type Book
Holdings
Withdrawn status Lost status Damaged status Not for loan Home library Current library Date acquired Source of acquisition Cost, normal purchase price Total Checkouts Full call number Barcode Date last seen Copy number Cost, replacement price Price effective from Koha item type
        Dombivali Granthasangrahalaya, Dombivali Dombivali Granthasangrahalaya, Dombivali 01/22/2009 DONATION 0.00   13757 DOM-13757 01/22/2009 1 0.00 01/22/2009 Book